000 00313nam a2200145Ia 4500
100 _aMorris/Noel M
250 _a2
942 _cBK
654 _aindustrial
245 _aAdvanced Industrial electronics
260 _bMcGraw Hill
_aLondon
_c1984
082 _a621.381
_bMOR
300 _a408
546 _aENGLISH
999 _c22469
_d22469